STRUCTURAL STEEL DESIGN (Record no. 18321)

MARC details
000 -LEADER
fixed length control field 00342nam a22001577a 4500
003 - CONTROL NUMBER IDENTIFIER
control field SGT
020 ## - INTERNATIONAL STANDARD BOOK NUMBER
International Standard Book Number 9789332505711
082 ## - DEWEY DECIMAL CLASSIFICATION NUMBER
Classification number 624.1821,MCC
100 ## - MAIN ENTRY--PERSONAL NAME
Personal name MCCORMAC,JACK C.
245 ## - TITLE STATEMENT
Title STRUCTURAL STEEL DESIGN
250 ## - EDITION STATEMENT
Edition statement 5TH
260 ## - PUBLICATION, DISTRIBUTION, ETC. (IMPRINT)
Place of publication, distribution, etc CHENNAI
Name of publisher, distributor, etc PEARSON
Year of Publication 2017
300 ## - PAGE DESCRIPTION
No. of Pages 736
650 ## - SUBJECT ADDED ENTRY--TOPICAL TERM
Topical term or geographic name as entry element CIVIL ENGINEERING
942 ## - ADDED ENTRY ELEMENTS (KOHA)
Source of classification or shelving scheme Dewey Decimal Classification
Koha item type Books
Holdings
Withdrawn status Lost status Source of classification or shelving scheme Damaged status Not for loan Collection code Home library Current library Shelving location Date acquired Vendor Name Cost, normal purchase price SGTU Bill Number Total Checkouts Full call number Accession No. (Barcode) Date last seen Date last borrowed Bill Date Koha item type
    Dewey Decimal Classification     ENGINEERING SGT Engineering Library SGT Engineering Library Text Book 18/06/2019 KIRTI PRAKASHAN 769.00 SGTU IN3435 1 624.1821,MCC FE7384 16/10/2019 16/10/2019 29/03/2019 Books
    Dewey Decimal Classification     ENGINEERING SGT Engineering Library SGT Engineering Library Text Book 18/06/2019 KIRTI PRAKASHAN 769.00 SGTU IN3435   624.1821,MCC FE7385 18/06/2019   29/03/2019 Books